[Event "IECC CL6-1998.12"]
[Site "IECC email"]
[Date "1998.10.03"]
[Round "?"]
[White "Hill, Frank"]
[Black "El Adawy, Ahmed"]
[Result "1/2-1/2"]
[WhiteElo "1294"]
[BlackElo "1399"]
[PlyCount "90"]
[EventDate "1998.??.??"]
[EventType "tourn (corr)"]
[EventRounds "4"]
[SourceTitle "Corr 2008"]
[Source "ChessBase"]
[SourceDate "2008.06.24"]
[SourceVersion "1"]
[SourceVersionDate "2008.06.24"]
[SourceQuality "1"]

1. e4 e5 2. Nf3 Nc6 3. d4 exd4 4. Nxd4 Nf6 5. Nc3 Bb4 6. Nxc6 bxc6 7. Bd3 d5 8. exd5 cxd5 9. 0-0 0-0 10. Bg5 c6 11. Re1 h6 12. Bh4 Bd6 13. a3 Bf4 14. h3 g5 15. Bg3 Bxg3 16. fxg3 Qb6+ 17. Kh2 Qxb2 18. Qf3 Kg7 19. Ne2 Re8 20. Rf1 Re7 21. c3 Ng8 22. h4 Qd2 23. Rf2 g4 24. Nf4 Qxc3 25. Qd1 Qe5 26. Re2 Qd4 27. Nh5+ Kf8 28. Rxe7 Kxe7 29. Qe2+ Be6 30. Re1 Kd6 31. Qf1 Rf8 32. Bf5 Bxf5 33. Qxf5 Kc7 34. Nf4 Qc5 35. Nh5 Qxa3 36. Nf6 Nxf6 37. Qxf6 Rd8 38. Qxf7+ Rd7 39. Qf4+ Qd6 40. Qxg4 Re7 41. Rb1 a5 42. Qd4 Kd7 43. Qa7+ Ke6 44. Qxa5 Kf7 45. Rf1+ Kg7 1/2-1/2